|
|
|
|
| LEADER |
00683nab a2200169 i 4500 |
| 001 |
misc25197 |
| 005 |
20191111110501.0 |
| 008 |
171019s1932 hu o 0|| ger d |
| 040 |
|
|
|a SZTE Miscellanea Repozitórium
|b hun
|
| 041 |
|
|
|a ger
|
| 100 |
1 |
|
|a Sántha Kálmán
|
| 245 |
1 |
0 |
|a Hemiballismus und Corpus Luysi
|h [elektronikus dokumentum] :
|b Anatomische und pathophysiologisclie Beiträge zur Frage des Hemiballismus nebst Versuch einer somatotopisclien Lokalisation im Corpus Luysi /
|c Sántha Kálmán
|
| 260 |
|
|
|c 1932
|
| 300 |
|
|
|a 321-342
|
| 490 |
0 |
|
|a Kolligátum
|
| 695 |
|
|
|a Anatómia, Kórélettan
|
| 856 |
4 |
0 |
|u http://misc.bibl.u-szeged.hu/25197/1/015_022_321-342.pdf
|z Dokumentum-elérés
|